Los costes y la política de precios / (Registro nro. 12274)

Detalles MARC
000 -LEADER
fixed length control field 01104nam a2200277Ia 4500
003 - CONTROL NUMBER IDENTIFIER
control field OSt
005 - DATE AND TIME OF LATEST TRANSACTION
control field 20210826114742.0
008 - FIXED-LENGTH DATA ELEMENTS--GENERAL INFORMATION
fixed length control field 210310s1958 sp ad gr 000 0 spa d
040 ## - CATALOGING SOURCE
Original cataloging agency CO-JMCR
Transcribing agency CO-JMCR
041 0# - LANGUAGE CODE
Language code of text/sound track or separate title spa
Language code of original eng
082 04 - DEWEY DECIMAL CLASSIFICATION NUMBER
Classification number 338.52 /
Item number W352c
Edition number 23
100 1# - MAIN ENTRY--PERSONAL NAME
Personal name Winding Pedersen, H.,
Relator term autor
9 (RLIN) 27772
245 14 - TITLE STATEMENT
Title Los costes y la política de precios /
Statement of responsibility, etc. H. Winding Pedersen ; traducción directa del danés por Arne Koefoed
260 ## - PUBLICATION, DISTRIBUTION, ETC.
Place of publication, distribution, etc. Madrid, España :
Name of publisher, distributor, etc. Aguilar
Date of publication, distribution, etc. 1958
300 ## - PHYSICAL DESCRIPTION
Extent xxiii, 378 páginas :
Other physical details ilustraciones y gráficas en blanco y negro ;
Dimensions 21 cm.
490 0# - SERIES STATEMENT
Series statement Biblioteca de Ciencias Sociales :
-- Economía
501 ## - WITH NOTE
With note Con: notas a pie de página.
504 ## - BIBLIOGRAPHY, ETC. NOTE
Bibliography, etc. note Bibliografía : páginas 379.
505 ## - FORMATTED CONTENTS NOTE
Formatted contents note Doctrina de los costes. -- Política de precios. -- La política de inversión y la valoración. -- La distribución de los costes y el calculo.
650 14 - SUBJECT ADDED ENTRY--TOPICAL TERM
Topical term or geographic name entry element Costo
9 (RLIN) 24547
650 24 - SUBJECT ADDED ENTRY--TOPICAL TERM
Topical term or geographic name entry element Precios
9 (RLIN) 39720
650 24 - SUBJECT ADDED ENTRY--TOPICAL TERM
Topical term or geographic name entry element Regulación de precios
9 (RLIN) 39721
650 24 - SUBJECT ADDED ENTRY--TOPICAL TERM
Topical term or geographic name entry element Competencia
9 (RLIN) 39722
700 1# - ADDED ENTRY--PERSONAL NAME
Personal name Koefoed, Arne,
Relator term traductor
9 (RLIN) 39542
942 ## - ADDED ENTRY ELEMENTS (KOHA)
Source of classification or shelving scheme Dewey Decimal Classification
Koha item type Books
Existencias
Withdrawn status Lost status Source of classification or shelving scheme Damaged status Not for loan Home library Current library Shelving location Date acquired Source of acquisition Full call number Barcode Date last seen Copy number Price effective from Koha item type
    Dewey Decimal Classification     Biblioteca Pública José María del Castillo y Rada Biblioteca Pública José María del Castillo y Rada General Stacks 04/15/2018 Donación 338.52 / W352c 430005551 05/16/2024 Ej.1 03/10/2021 Books